000 00212 a2200109 4500
001 50775
040 _cAnchieta - Pituba
240 1 0 _aSenhora
_l
245 1 0 _aSenhora
650 4 _aFicção brasileira
942 _cMU
999 _c50775
_d50775